| 000 | 01358nam a22004097a 4500 | ||
|---|---|---|---|
| 001 | BR2023000537 | ||
| 003 | BR-BrBNA | ||
| 005 | 20230601154131.0 | ||
| 008 | 230517b bl.||||| |||| 00| 0 por d | ||
| 040 |
_aBR-BrBNA _bpor |
||
| 041 | _apor | ||
| 072 | _aF40 ; F08 ; P01 | ||
| 090 | _aF40 BR2023000537 | ||
| 100 | _aLamb, Charles (ed.) | ||
| 110 | _aCentro de Estudos e Promoção da Agricultura de Grupo, Florianópolis, SC (Brazil) | ||
| 245 | _aAgroecologia, saberes e práticas: um guia rápido para desenvolver a agroecologia em comunidades rurais | ||
| 260 |
_aFlorianópolis, SC (Brazil) : _bCEPAGRO, _c[nd] |
||
| 300 | _a40 p. | ||
| 500 | _aPublished after 2015; 6 ref.; 35 illus. | ||
| 650 | _aECOLOGIA VEGETAL | ||
| 650 | _aAGRICULTURA ORGÂNICA | ||
| 650 | _aAGRICULTRA SUSTENTÁVEL | ||
| 650 | _aPROTEÇÃO AMBIENTAL | ||
| 650 | _aRECUPERAÇÃO DO SOLO | ||
| 650 | _aADUBAÇÃO VERDE | ||
| 650 | _aCOMPOSTAGEM | ||
| 650 | _aPASTAGEM | ||
| 650 | _aMÉTODO VOISAN | ||
| 650 | _aCONTROLE BIOLÓGICO | ||
| 650 | _aSEGURANÇA ALIMENTAR | ||
| 650 | _aQUALIDADE | ||
| 650 | _aPRESERVAÇÃO DA NATUREZA | ||
| 650 | _aCOMUNIDADE RURAL | ||
| 856 | _uhttps://cdn.biodiversidadla.org/content/download/130305/1016522/file/Cartilha+Agroecologia,+Saberes+e+Pr%C3%A1ticas.pdf | ||
| 909 |
_a202305 _bFernando |
||
| 942 | _cBK | ||
| 999 |
_c9143 _d9143 |
||